The Feringhees; Sir Robert and Sir William-Two Europeans in India/ (Record no. 208567)

MARC details
000 -LEADER
fixed length control field 00712nam a22002057a 4500
005 - DATE AND TIME OF LATEST TRANSACTION
control field 20250117110807.0
010 ## - LCCN (DPL NO)
LC control number ENG-143510
020 ## - INTERNATIONAL STANDARD BOOK NUMBER
International Standard Book Number 9780199460113
Terms of availability 1200.00
035 ## - SYSTEM CONTROL NUMBER
System control number EN-127042
037 ## - SOURCE OF ACQUISITION
Source of stock number/acquisition DBAD
082 ## - DEWEY DECIMAL CLASSIFICATION NUMBER
Classification number 954.08
100 ## - MAIN ENTRY--PERSONAL NAME
Personal name Hamilton Elizabeth
245 ## - TITLE STATEMENT
Title The Feringhees; Sir Robert and Sir William-Two Europeans in India/
Statement of responsibility, etc By Elizabeth Hamilton
250 ## - EDITION STATEMENT
Edition statement First
260 ## - PUBLICATION, DISTRIBUTION, ETC. (IMPRINT)
Place of publication, distribution, etc YMCA Library Building, 1 Jai Singh Road, New Delhi
Name of publisher, distributor, etc Oxford University Press
Date of publication, distribution, etc 2016
270 ## - ADDRESS
Address YMCA Library Building, 1 Jai Singh Road, New Delhi
City New Delhi
Postal code 110001
300 ## - PHYSICAL DESCRIPTION
Extent xii,258p.
Dimensions 22cm (pbk)
490 ## - SERIES STATEMENT
Volume number/sequential designation Vol.2 The Straight Race
942 ## - ADDED ENTRY ELEMENTS (KOHA)
Source of classification or shelving scheme Dewey Decimal Classification
Item type English Books
Classification part 954.08
Call number suffix Ham
Holdings
Withdrawn status Lost status Materials specified (bound volume or other part) Not for loan Home library Current library Date acquired Source of acquisition Cost, normal purchase price Full call number Barcode Copy number Cost, replacement price Koha item type
    Vol.2   Vinoba Puri Vinoba Puri 17/01/2025 DBAD 1200.00 954.08 Ham EN-127042 1 1200.00 English Books

© Delhi Public Library
Hit Counter
free hit counter